| 000 | 00569nam a2200181 u 4500 | ||
|---|---|---|---|
| 001 | 000580356 | ||
| 003 | AM-YeHGA | ||
| 005 | 20250617141203.0 | ||
| 008 | 080508s1973 ||| r 000 0 rus d | ||
| 040 | _aAM-YeHGA | ||
| 041 | 0 | _arus | |
| 100 | 1 | _aАрдатов, Анатолий | |
| 245 | 1 | 0 |
_aВетвь : _bСтихи / _cАнатолий Ардатов. |
| 260 |
_aКуйбышев : _bКуйбышев. кн. изд-во, _c1973. |
||
| 300 |
_a63 с. : _bпортр. ; _c16 см. |
||
| 653 | 0 | _aРусская советская поэзия | |
| 090 | _c235438 | ||
| 999 |
_c233878 _d233878 |
||